Unusual Fashion Picture Click Quiz Stats

 Plays Quiz Updated Feb 15, 2020

Support Sporcle.
Go Orange.
Score 0/10 Timer 02:00
0 Plays Today
% Correct
Balloons
92.9%
Credit cards
92.5%
Phone book pages
90%
Paper plates
89.9%
M&M's
82.3%
Seat belts
82%
Porcelain plates
81%
Coffee filters
70.3%
Wood
65.5%
Felt
64.9%

From the Vault

Planetary Profile: Saturn

by Darzlat

Science 5m
And then God created Saturn...and he like it, so he put a ring on it.
Remove Ads.
Support Sporcle.
Get the best of Sporcle when you Go Orange. This ad-free experience offers more features, more stats, and more fun while also helping to support Sporcle. Thank you for becoming a member.

Show Comments

Extras

Top Quizzes Today


Score Distribution

Your Account Isn't Verified!

In order to create a playlist on Sporcle, you need to verify the email address you used during registration. Go to your Sporcle Settings to finish the process.

Report this User

Report this user for behavior that violates our Community Guidelines.

Details: